000 00431nam a2200157Ia 4500
003 LDD
008 181029s9999 xx 000 0 und d
020 _a812080726X
040 _cLDD
100 _aCowell, E.B
245 4 _aThe Jataka or stories of the Buddha's former births
_btranslated from the pali b
_cE.B Cowell
260 _aDelhi
_bMotilal Banarsidass
_c1985
300 _a2v
901 _a314
_b12-03-1996
942 _2ddc
_cBK
999 _c39359
_d39359